000 00670cam a2200241 a 4500
001 463469
005 20180301034514.0
008 831216s1983 ilua b 001 0 eng
010 _a 83070058
020 _a0870943073 (v. 1)
020 _a0870944215 (v. 2)
040 _aDLC
_cDLC
_dDLC
041 _aeng
043 _an-us---
080 _a332.63233 FRA
082 0 0 _a332.63233 FRA
_219
100 _a52
101 _aECO
245 0 4 _aThe Municipal bond handbook /
_cedited by Frank J. Fabozzi ... [et al.].
504 _aIncludes bibliographical references and indexes.
906 _a7
_bcbc
_corignew
_d2
_eopcn
_f19
_gy-gencatlg
942 _2ddc
_cBK
999 _c43759
_d43759